[Event "Dieren op"]
[Site "Dieren"]
[Date "1999.07.23"]
[Round "4"]
[White "Golod, Vitali"]
[Black "Van der Weide, Karel"]
[Result "1/2-1/2"]
[WhiteElo "2568"]
[BlackElo "2434"]
[Annotator "Golod,V"]
[PlyCount "103"]
[EventDate "1999.07.20"]
[EventType "swiss"]
[EventRounds "9"]
[EventCountry "NED"]
[SourceTitle "CBM 071 Extra"]
[Source "ChessBase"]
[SourceDate "1999.09.14"]
[SourceVersion "1"]
[SourceVersionDate "1999.09.14"]
[SourceQuality "1"]

1. d4 Nf6 2. Nf3 g6 3. c4 c5 4. d5 b5 5. Qc2 $5 (5. cxb5 $5 {Is the main line.}
) 5... bxc4 6. e4 Ba6 $5 {This move considerably better than:} (6... Bg7 {
(6...d6 7.Bc4 Bg7-transfer to 6...Bg7)} 7. Bxc4 d6 {-see comments to
Zvjaginsev,V-Topalov,V/ Pamplona,1995/CBM 46(1-0)(Zvjaginsev,V)}) 7. Nc3 $6 ({
Also dubious:} 7. Bxc4 Bxc4 8. Qxc4 d6 9. Nc3 Nbd7 10. Bg5 (10. Qa4 $6 Bg7 $140
11. e5 $6 dxe5 12. Nxe5 O-O 13. Nc6 Nb6 $15 {Miralles,G-Koch,J/Val Thorens,
1988(0-1) (26)}) (10. O-O $5) 10... Bg7 11. O-O Rb8 $11 {Bender,S-Sam,C/
Muenster,1990(1-0)(31)}) ({Can be recommended:} 7. Nbd2 $5 Bg7 8. Bxc4 Bxc4 9.
Nxc4 d6 10. O-O Nbd7 11. Bd2 $11 {Priehoda,V-Collas,D/Budapest,1996/CBM 52 
(1-0)(32)}) 7... d6 $140 8. e5 dxe5 9. Nxe5 Bg7 10. Qa4+ {[%csl Ra6,Re8]} Nfd7
11. Bxc4 $5 $146 (11. Bf4 $6 {-was checked in the previous games:} O-O 12. Nc6
$2 (12. Nxc4 $142 Nb6 13. Nxb6 Qxb6 14. Bxa6 Nxa6 15. O-O Qxb2 $15 {Slavina,
I-Melamed,T/Yalta,1996(1/2-1/2)(21)}) 12... Qb6 13. O-O-O Nxc6 14. dxc6 Ne5 (
14... Bxc3 $5 15. bxc3 $140 Bb5 $17 {[%csl Rc6]}) 15. c7 Nd3+ 16. Bxd3 cxd3 $17
{Gofshtein,L-Van der Weide,K/Wijk aan Zee, 1998(0-1)(61)}) 11... Bxe5 (11...
Bxc4 $143 12. Nxc4 O-O 13. O-O $13) 12. Bxa6 Nxa6 13. Qxa6 O-O 14. O-O Nf6 $1
$15 ({Dubious:} 14... Nb6 {in view of:} 15. Bh6 Re8 16. Rad1 {()} e6 $140 $6
17. dxe6 Qh4 {[%csl Rh2,Rh6]} 18. exf7+ Kxf7 19. Qb7+ $1 Re7 (19... Kg8 $2 20.
f4 $16 Bd4+ $140 $2 21. Rxd4 {[%cal Gb7g7]} Re7 22. Qxa8+ Nxa8 23. Rd8+ Kf7 24.
Rf8+ Ke6 25. Bg5 $18 {[%csl Gg5][%cal Gf1e1]}) 20. Qf3+ Kg8 21. Qh3 $14) 15.
Rd1 {[%mdl 256]} ({Badly:} 15. Re1 $2 {because of:} Qd6 $1 {[%csl Ra6,Rd5]} (
15... Qb8 $5 {[%csl Rh2]} 16. h3 Rd8 $15 (16... Bxc3 $143 17. bxc3 Nxd5 18. Ba3
$44)) 16. Qe2 (16. Qxd6 $142 exd6 {[%csl Rd5] =/+/-/+}) 16... Bxh2+ 17. Kh1 {
[%csl Rh2]} Bf4 18. Bxf4 ({Loses right away:} 18. Qxe7 $4 Rfe8 19. Bxf4 (19.
Qxd6 $4 Rxe1#) 19... Qxf4 $1 (19... Qxe7 $5 20. Rxe7 Rxe7 21. Bg5 Kg7 $19) 20.
Qxc5 Qh4+ 21. Kg1 Ng4 $19 {[%csl Rg1][%cal Gh4h2,Gh2h1]}) 18... Qxf4 $17 {
[%csl Rf2]}) 15... Qd6 $1 {[%csl Ra6,Rh2]} 16. Qxd6 $8 exd6 17. Bd2 ({In my
opinion slightly better is:} 17. Rb1 $5 {/\Ne2,f4}) 17... Rab8 ({Can be
recommended:} 17... a5 $5 {[%cal Ga5a4]} 18. a4 Rab8 (18... Rfb8 $5 $15) 19.
Ra2 Rb3 20. Be1 {[%csl Ra5][%cal Gc3b5]} Ra8 $15 {[%csl Ya8]}) 18. Rab1 Rb4 {
[%csl Rd5][%cal Gb4d4]} 19. Kf1 Rfb8 (19... Bxh2 $4 20. g3 $18 {[%csl Rh2]
[%cal Gf1g2]}) 20. b3 Rd4 (20... c4 $2 {is refuted by:} 21. f4 $1 (21. Ne2 $2
cxb3 $1 22. Bxb4 bxa2 $17 {[%csl Ga2,Rb1,Rb4]}) (21. bxc4 $2 Bxc3 $1 22. Rxb4
Bxb4 $8 23. Rb1 {[%csl Rb4,Rb8]} Bxd2 $1 (23... Ne4 $2 24. Be1 $16 {[%csl Rb4]
[%cal Ga2a3]}) (23... a5 $143 24. a3 Bxd2 25. Rxb8+ Kg7 26. Rb6 $13 {[%csl Rd6]
}) 24. Rxb8+ Kg7 $15 {[%csl Ya7,Yd2,Yd6]}) 21... Bd4 $8 22. Ne2 {[%csl Rb4,Rd4]
} c3 (22... cxb3 $2 23. axb3 Bc5 (23... Nxd5 $2 24. Bxb4 Ne3+ 25. Kg1 Nxd1+ 26.
Nxd4 Rxb4 27. Rxd1 $18) 24. Bxb4 Rxb4 $16) 23. Nxc3 Bxc3 24. Bxc3 Rxf4+ 25. Kg1
$14) 21. Be1 h6 {[%cal Gg6g5] Other possibilities are:} (21... g5 {[%csl Rd5]
[%cal Yg5f4]} 22. Rxd4 $1 cxd4 (22... Bxd4 23. Rd1 $11) 23. Ne2 $11 {[%csl Rd4]
[%cal Gb1d1]}) ({and} 21... Rbb4 $6 22. Ne2 Rxd1 23. Rxd1 Rb7 $11) 22. g3 $5 ({
Another alternative is:} 22. Ne2 $5 Rxd5 (22... Rxd1 $6 23. Rxd1 $140 Bxh2 $2
24. g3 Re8 25. Nc3 $16 {[%csl Rh2][%cal Gf1g2]}) 23. f4 Rxd1 $5 (23... Bd4 $143
24. Nxd4 cxd4 25. Bf2 Ng4 26. Rxd4 (26. Bxd4 $5) 26... Rxd4 27. Bxd4 Nxh2+ 28.
Kg1 Ng4 29. Bxa7 Ra8 30. Bd4 Rxa2 31. b4 $132) (23... Bxf4 $5 24. Nxf4 Rf5 25.
Kg1 $5 Rxf4 26. Bg3 $11 {[%csl Ra7,Rc5,Rd6]}) 24. Rxd1 Ng4 {[%csl Rd1,Rf1]
[%cal Gg4e3]} 25. Bf2 Bg7 (25... Nxf2 $2 26. Kxf2 Bf6 27. Rxd6 $14 {[%csl Ra7,
Rc5]}) 26. Rxd6 Nxh2+ 27. Kg1 Ng4 28. Bxc5 Bf8 $11) 22... g5 23. Rxd4 $1 ({
After:} 23. Ne2 $6 Rxd5 24. f4 gxf4 25. gxf4 Bd4 (25... Bxf4 $4 26. Nxf4 Rf5
27. Bg3 Nh5 28. Rd5 $1 {[%csl Yd5]} (28. Rd3 $4 Nxf4 29. Rf3 Nd5 30. Rxf5 Ne3+
31. Ke2 Nxf5 $19) 28... Rxd5 29. Nxd5 $18) 26. Nxd4 cxd4 {[%csl Re4] black has
a positional and material advantage.}) 23... cxd4 ({Probably better is:} 23...
Bxd4 24. Rd1 $11) 24. Ne2 Nxd5 {[%mdl 4096]} 25. Rd1 ({Strongly:} 25. Nxd4 $1
Bxd4 26. Rd1 {[%csl Rd4,Rd5]} Nb4 27. Rxd4 Nxa2 28. Rxd6 Rxb3 29. Rxh6 {
with slight advantage of white.}) 25... Nc3 26. Rd2 $11 Ne4 27. Rd1 (27. Rd3
$143 Nc5 28. Rd1 Ne6 29. f3 $11 {[%csl Rd4][%cal Ge1f2]}) 27... Rb5 $6 ({
It is necessary:} 27... Nc3 28. Rd2 {with the equality.}) 28. f3 $1 Nc3 $140
29. Nxd4 Bxd4 30. Rxd4 Nxa2 31. b4 $1 {[%csl Ra2] +/=/= White's plan is:Bd2,
Ke2-d3-c2-b3 (פa2)} Rb6 {[%csl Yb6][%cal Ga2c3,Gb6c6]} 32. Bd2 Rc6 33. b5 Rc5
34. Rxd6 Rxb5 35. Rxh6 $5 ({After:} 35. Ra6 Nb4 (35... Rb2 36. Ke1 $11) 36.
Bxb4 Rxb4 37. Rxa7 {-draw.}) 35... a5 36. Rh5 {[%csl Rg5]} (36. Ra6 $143 Nb4
37. Ra8+ Kg7 38. Bc3+ f6 39. Ke2 $11) 36... f6 37. h4 Rb1+ (37... a4 $142 38.
hxg5 $140 a3 $1 (38... fxg5 $2 39. Rxg5+ Rxg5 40. Bxg5 Nb4 41. Ke2 a3 42. Bf6
a2 43. Kd2 {+/=/+/-}) 39. g4 fxg5 40. Rxg5+ Rxg5 41. Bxg5 Nb4 42. Ke2 a2 43.
Bf6 Nc2 $11) 38. Ke2 gxh4 ({After:} 38... Rh1 $2 39. Bxg5 $1 (39. Bxa5 $5)
39... fxg5 40. Rxg5+ Kf7 41. Rxa5 {I have a minimal chance to win.}) 39. Rxh4 (
{After:} 39. gxh4 Nc1+ 40. Bxc1 Rxc1 41. Rxa5 {theoretical draw.}) 39... Rb5
$11 40. Kd3 Nb4+ 41. Kc4 Re5 42. Bc3 (42. Bxb4 axb4 43. Kxb4 Re3 44. Rf4 Kg7
$11) 42... Re3 {[%csl Rf3]} 43. Bxf6 (43. Bxb4 $144 axb4 44. Rf4 b3 45. Rxf6 b2
46. Rb6 Rxf3 47. Rxb2 Rxg3 $11) (43. Rg4+ $6 Kf7 $140 44. Rf4 $4 (44. Bxb4 $11)
44... Rxc3+ $1 45. Kxc3 Nd5+ 46. Kb3 Nxf4 47. gxf4 Kg6 $19 {[%csl Rf3,Rf4,Gf6]
[%cal Gg6f5]}) 43... Rxf3 44. Be5 Nd3 {The rest is the unimportant.} 45. Bd6 a4
46. Kd5 a3 47. Bxa3 (47. Rg4+ Kf7 48. Bxa3 Nf2 {[%csl Ra3,Rg3]} 49. Rf4+ Rxf4
50. gxf4 $11) 47... Rxg3 48. Bd6 Rg6 49. Rh2 Rg4 50. Rd2 Nf4+ 51. Ke5 Nh5 52.
Kf5 1/2-1/2

[Event "GER-ch 70th"]
[Site "Bremen"]
[Date "1998.11.14"]
[Round "9"]
[White "Dautov, Rustem"]
[Black "Heinemann, Thies"]
[Result "1-0"]
[WhiteElo "2625"]
[BlackElo "2495"]
[Annotator "Stohl,I"]
[PlyCount "139"]
[EventDate "1998.11.06"]
[EventType "swiss"]
[EventRounds "9"]
[EventCountry "GER"]
[SourceTitle "CBM 068"]
[Source "ChessBase"]
[SourceDate "1999.02.01"]
[SourceVersion "1"]
[SourceVersionDate "1999.02.01"]
[SourceQuality "1"]

1. d4 {Dautov} Nf6 2. c4 c5 3. d5 b5 4. Nf3 bxc4 $6 {This move is not in the
spirit of the opening and gives White rather easy and clear-cut play.} ({
If Black plays the Volga gambit, he should be willing to sacrifice a pawn with
} 4... g6 $142) 5. Nc3 d6 6. e4 g6 7. Bxc4 Bg7 8. e5 $5 {'!' Dautov.} (8. O-O
O-O 9. e5 Ng4 $5 10. exd6 exd6 11. Bg5 Qb6 12. Qd2 Nd7 13. Rae1 Nge5 14. Nxe5
Nxe5 15. Be2 f6 16. Bh4 Rb8 17. b3 Qb4 18. f4 Nf7 19. Bc4 g5 (19... f5 $5 $11)
20. fxg5 $2 fxg5 21. Rxf7 Rxf7 22. Qxg5 Bf5 23. Nb5 h6 24. Qg3 Rxb5 25. Re8+
Kh7 26. Bxb5 Qxb5 {0-1,Pesztericz,L-Abel,L/HUN-chT/1993/}) 8... dxe5 (8... Ng4
$143 $2 9. e6 $1 fxe6 10. Ng5 $36 {is very dangerous for Black.}) 9. Nxe5 {
()[+] White has more space and a better pawn structure, with potential targets
on c5 and especially e7.} O-O 10. O-O Ne8 {Somewhat passive.} ({Crucial for
the overall evaluation of the line is} 10... Nfd7 $5 11. Nxf7 $1 {A promising
sacrifice, otherwise Black has few problems.} (11. Nxd7 $143 Nxd7 12. Be3 (12.
Bg5 Nb6 13. Bb5 Bb7 14. d6 Qxd6 15. Qxd6 exd6 16. Be7 Rfc8 17. Bxd6 c4 18. Rab1
a6 19. Na4 Nxa4 20. Bxa4 Be4 21. Rbd1 Bxb2 $17 {Pesztericz,L-Sziebert,A/Eger/
1994/}) 12... Rb8 13. Rc1 Qa5 14. Na4 Nb6 15. b3 Nxa4 16. bxa4 Bd7 17. Bb3 Rfc8
18. Rc4 e6 19. Rf4 c4 20. Rxc4 Rxc4 21. Bxc4 Bxa4 22. Qf3 Qc7 23. Rc1 exd5 24.
Bxd5 Qd7 25. g3 h6 26. Kg2 Rd8 27. Rc5 a6 $11 {Moskalenko,V-Fominyh,A/Alushta/
1994/}) (11. Nc6 Nxc6 12. dxc6 Nb6 13. Be2 Qc7 14. Bf3 Ba6 15. Re1 Rad8 16. Qb3
Bc4 17. Qa3 Bd4 18. Be3 e5 19. b4 cxb4 20. Qxb4 Bxe3 21. fxe3 f5 22. Nb5 Bxb5
23. Qxb5 e4 24. Bd1 Rf6 25. Bb3+ Kg7 26. Rac1 Rc8 27. Qa6 $11 {1/2,Balashov,
Y-Stein,L/Moscow/1971/}) 11... Rxf7 12. d6 Nb6 {'[]' Dautov.} 13. Bxf7+ Kxf7 {
Dautov: 'Stohl-Petr/Pardubice 1995'} 14. Qf3+ $1 (14. Nd5 $2 Bb7 15. Nxe7 Be5
16. Qb3+ c4 17. Qh3 h5 18. Rd1 Qd7 19. Qe3 {Stohl,I-Petr,J/Pardubice op/1995/}
Qe6 $5 $17) 14... Bf6 {'[]' Dautov.} (14... Kg8 $2 {Dautov} 15. Nd5 $18) 15.
Ne4 Bf5 {'!?' Dautov.} 16. Nxf6 exf6 17. Bf4 N8d7 18. Rfe1 $36 {'+/=' Dautov.
Dautov: '/\ Re7|^ Stohl'}) (10... Ba6 11. Bg5 $5 (11. Re1 Bxc4 12. Nxc4 Nbd7
13. Qf3 Re8 14. Bg5 h6 15. Bh4 Nb6 16. Ne5 g5 17. Bg3 Nbxd5 18. Rad1 e6 19. h4
Qe7 20. hxg5 hxg5 21. Nb5 a6 22. Na3 Nb4 23. Qb3 Rad8 24. Nac4 Rxd1 25. Rxd1
Nbd5 26. Qa4 $44 {ק,Hebden,M-Arkell,K/Isle of Man/1995/}) 11... Bxc4 12. Nxc4
Nbd7 13. Re1 Nb6 14. Ne5 Nfxd5 15. Nc6 {'+/-' Dautov. Dautov: 'Sadler,M-Manca,
F/Cappelle 1993'} Nxc3 16. Qxd8 Rfxd8 17. Nxd8 Ncd5 18. Nc6 e6 19. Rac1 c4 20.
Rc2 Rc8 21. Ne7+ Nxe7 22. Bxe7 Nd5 23. Ba3 $16 {Sadler,M-Manca,F/Cappelle/1993/
}) (10... Bb7 11. Qb3 (11. Re1 Ne8 12. Bg5 $1 $36) 11... Qb6 12. Re1 Na6 13.
Bg5 Qxb3 14. Bxb3 Rac8 15. Nc4 Nxd5 16. Nxd5 Bxd5 17. Bxe7 Rfe8 18. Nd6 c4 19.
Nxe8 Rxe8 20. Ba4 Rb8 21. Bd6 Rd8 22. Be5 $18 {Kortschnoj,V-Sax,G/London/1980/}
) 11. Re1 ({White bases his strategy on the c4 outpost. But promising is also} 
11. Bf4 Nd6 12. Bb3 (12. b3 $5 $14) 12... Ba6 (12... Bb7 13. Re1 Nd7 (13... Nf5
$2 14. Nxf7 $1 {A typical motive in this line.} Rxf7 15. d6 e6 16. Bxe6 Bc6 17.
Ne4 Nd4 18. Bxf7+ Kxf7 19. Nxc5 Kg8 20. Rc1 Bd5 21. Nb3 Bxb3 22. axb3 Nd7 23.
Re7 Bf6 24. Be3 Nf5 25. Qd5+ {1-0,Browne,W-Wolff,P/Estes Park/1985/}) (13... c4
14. Nxc4 Nxc4 15. Bxc4 Nd7 16. Bg5 Nf6 17. Qd3 Rc8 18. Rac1 Qd7 19. b3 Rfd8 20.
Rcd1 h6 21. Bxf6 Bxf6 22. Ne4 Bg7 23. Qe3 Ba8 24. h4 Kh7 25. h5 $16 {Lempert,
I-Gorjatschkin,W/Pavlodar/1991/}) 14. Nc6 Bxc6 15. dxc6 Nb6 16. Rxe7 Qxe7 17.
Bxd6 Qf6 18. Ne4 Qh4 19. Nxc5 Rfd8 20. c7 Rxd6 21. Qxd6 $18 {Anderton,D-Bull,D/
Isle of Man/1994/}) 13. Re1 {'+/=' Dautov.} c4 14. Ba4 Qb6 15. Qd2 Bb7 16. Rab1
Qc7 17. Rbc1 Rd8 18. b3 Qc5 19. Nxc4 Nxc4 20. bxc4 Qxc4 21. Bb3 Qb4 22. Re4
Bxc3 23. Rxb4 Bxd2 24. Bxd2 $16 {Blagojevic,D-Djoric,D/JUG/1997/}) 11... Nd6
12. b3 $146 {'!?' Dautov.} (12. Bf1 Nf5 $5 $14 (12... Re8 13. Bf4 Qb6 14. Na4
Qa5 15. Rc1 c4 16. Nxc4 Nxc4 17. Rxc4 Na6 18. b4 $1 $18 {Effert,K-Kessler,D/
Moeglingen/1989/}) (12... Bb7 {Dautov} 13. Bf4 Nf5 14. Rc1 Nd4 $14 {/\Nd7}))
12... Qc7 {'?!' Dautov.} (12... Nxc4 $142 {Dautov} 13. bxc4 Ba6 14. Qd3 (14.
Qa4 Qe8 15. Qa3 $14) 14... Bxe5 15. Rxe5 Nd7 (15... Nc6 16. Re4 $16) 16. Re4 f5
$1 $132) 13. Bf4 $36 Nd7 14. Nxd7 (14. Qe2 Nxc4 15. bxc4 (15. Nxg6 Qa5 $13)
15... Nxe5 16. Bxe5 Bxe5 17. Qxe5 Qxe5 18. Rxe5 Ba6 19. Rxe7 Bxc4 20. d6 Rfd8
$132) (14. Nb5 $6 {Dautov} Nxb5 (14... Qb6 15. a4 $1) 15. Nxg6 Qb6 16. Nxe7+
Kh8 17. Rc1 $13) 14... Qxd7 (14... Bxd7 $142 15. Rc1 (15. Qd2 $2 Nxc4 $1 16.
bxc4 Bxc3 $19) 15... Rfe8 $14) 15. Be5 $1 {[%mdl 32] '+/-' Dautov. Dautov:
'><e7, c5' White's strategy is to exchange the opponent's active pieces.} Rb8 (
15... f6 16. Bg3 $16 {בe}) (15... Nxc4 {Dautov} 16. Bxg7 Kxg7 17. bxc4 Ba6 18.
Qe2 $16) 16. Qe2 Bxe5 (16... Re8 17. Bxg7 Kxg7 18. Qe3 $16) 17. Qxe5 Rb4 (17...
Re8 18. Ne4 $1 $16) 18. Ne4 $1 {[%mdl 96] The same strategy as mentioned above,
plus simple tactics-Black's >> is weakened by the exchange of the Bg7} (18. Bf1
Re8 {/\c4<=>} (18... Re8 {Dautov} 19. Rac1 $16)) 18... Nxc4 (18... Nxe4 19.
Rxe4 Re8 20. Rae1 $40) (18... f6 {Dautov} 19. Qc3 $16) 19. bxc4 Rxc4 20. d6 $40
Rxe4 $8 {'!' Dautov.} (20... exd6 21. Nf6+ Kh8 22. Qg5 $1 Qd8 23. Qh6 $1 $18)
21. Qxe4 exd6 22. Rad1 Bb7 23. Qe7 Qc6 $8 (23... Rd8 24. Qf6 {/\Re7+-}) 24. f3
d5 25. Rb1 Bc8 {'!' Dautov.} ({The pin decides after} 25... Rb8 $2 26. Rb2 $18
{<->b}) (25... Ba8 {Dautov} 26. Qxa7 $18 {/\Rb8}) 26. Qxa7 c4 (26... d4 $6 27.
Rec1 $18 {><c5}) 27. Qd4 $16 {'?' Dautov.} (27. a4 $1 {Dautov} Qf6 28. a5 d4 (
28... c3 29. Qb6) 29. Qb6 Qxb6 30. Rxb6 $1 (30. axb6 $2 c3 $1 31. b7 Bxb7 32.
Rxb7 d3 33. Rc7 c2 34. Rf1 Rd8 $11) 30... d3 (30... Be6 31. a6 Ra8 32. Re4 d3
33. Rd4 $18) (30... Rd8 31. a6 Bxa6 32. Rxa6 c3 33. Rc6 $18) 31. Kf2 c3 32. Rc6
c2 33. Ke3 Bb7 34. Rc7 Ba6 35. Kd2 Rd8 36. Rc6 $18) 27... Be6 28. Rb6 Qc7 29.
a4 Rc8 ({Black should have tried to prevent the a-pawn's advance for as long
as possible:} 29... Qa7 30. Ra1 Qa5 $5 (30... Rc8 31. a5 {-29...Rc8}) 31. Rb7
$16 (31. Rb5 Qa6 $16)) 30. a5 Qa7 {'<=>' Dautov.} 31. Ra1 (31. Qe3 $5 {Dautov}
Qd7 $1 (31... Qxa5 $2 32. Rxe6 $1 fxe6 33. Qxe6+ Kg7 34. Qd7+ Kh6 35. Re7 Qa1+
(35... Qb6+ 36. Kf1 Qb1+ 37. Kf2 Qb6+ 38. Kg3 $18) 36. Kf2 Qd4+ (36... Qb2+ 37.
Kg3 Qb8+ 38. Kg4 Rh8 39. Qxd5 Qc8+ 40. Rd7 $18) 37. Kg3 Rh8 (37... Kg5 38. Re4
$18) 38. Re4 Qc5 39. Rh4+ Kg5 40. Qe6 $18) 32. Qe5 Qa7 $13) (31. Qc3 {Dautov}
d4 32. Qxd4 Qxa5 $14) 31... c3 32. Rb4 Qa6 33. Qb6 (33. Rb3 $142) 33... Qd3 (
33... Qe2 $5 {Dautov} 34. Qf2 Qa6 $132) 34. Qd4 Qa6 35. Rb3 $1 {'(+)' Dautov.}
Qc4 {'(+)?' Dautov.} (35... c2 36. Rc3 Rxc3 37. Qxc3 Qe2 (37... Qa7+ {Dautov}
38. Kf1 (38. Kh1 Bf5 39. g4 d4 40. Qd2 Qb7 $1 41. gxf5 Qb1+ $17 42. Qe1 $2
Qxe1+ 43. Rxe1 d3 $19) 38... Qa6+ (38... Bf5 39. g4 d4 40. Qd2 Qa6+ 41. Kf2 Bd3
$13) (38... Bd7 $2 39. g4 Bb5+ 40. Kg2 $18) 39. Ke1 Qa7 40. Kf1 $11) 38. a6
Qd1+ 39. Kf2 d4 40. Qe1 $18) 36. Qxc4 Rxc4 37. a6 $1 {White has to simplify
the position, as Black's pawns are too dangerous:} (37. Rbb1 $2 d4 $1 (37... c2
38. Rc1 d4 39. Kf2 $1 $18) 38. Kf2 (38. a6 $2 c2 39. Rc1 d3 40. a7 Bd5 41.
a8=Q+ Bxa8 42. Rxa8+ Kg7 43. Rd8 Rb4 $1 $17) 38... d3 39. Ke3 d2 40. a6 c2 41.
a7 c1=Q $1 (41... Rc8 $2 42. a8=Q Rxa8 43. Rxa8+ Kg7 44. Raa1 $1 $18) (41...
cxb1=Q $2 42. a8=Q+ Rc8 43. Qxc8+ Bxc8 44. Rxb1 $18) (41... d1=N+ 42. Rxd1 (42.
Kd2 cxb1=N+ $1) 42... cxd1=N+ 43. Rxd1 Rc8 44. Rb1 Bd5 45. Rb8 Rf8 46. g3 $11 {
with a positional draw.}) 42. a8=Q+ (42. Rxc1 dxc1=Q+ 43. Rxc1 Ra4 $19) 42...
Rc8 43. Rxc1 dxc1=Q+ 44. Rxc1 Rxa8 $19) 37... c2 38. a7 {By exchanging a pair
of R Black's possible counterplay is limited.} (38. Rc1 Ra4 39. Rxc2 (39. Rb6
$143 Ra2 40. Rc6 Bf5) 39... Rxa6 $14) 38... c1=Q+ 39. Rxc1 Rxc1+ 40. Kf2 Ra1
41. Rb8+ Kg7 42. a8=Q Rxa8 43. Rxa8 $16 {[%mdl 4096] Without the pawn on d5
the _|_ is easily won for White. (see also CBM 67) The extra pawn however
doesn't help so much, as Black is tied down to it's defence.} h5 (43... Kf6 44.
g4 $1 {><h7}) 44. Ke3 Kf6 45. Kd4 {'+-' Dautov.} Kf5 $2 (45... h4 $142 $5 46.
Ra3 g5 {with possible <=> against g2 would create much more problems.}) 46. g3
Kf6 (46... h4 $1 {Dautov} 47. gxh4 Kf4 48. Ra3 Bc8 $1 (48... Bh3 $2 49. Kxd5
Bg2 50. Ra4+ Kf5 (50... Kxf3 51. Ke5 $18 f5 52. Ra6) 51. Kd6 Bxf3 52. Ke7 $18)
49. Rb3 $1 (49. Kxd5 Bb7+ 50. Kd6 (50. Kd4 Bxf3 51. Ra6 Kf5) 50... Bxf3 51.
Ra4+ (51. Ke7 f5 52. Kf6 Bh5 $11) 51... Ke3 52. Ke5 f5 53. Ra3+ Ke2 54. Kf4 Bh5
55. Rg3 Kd2 56. Rg5 Kd3 $11) 49... Bh3 (49... Be6 50. Rc3 $22 $18) 50. Re3 $1 (
50. Rc3 $2 Be6) 50... Bd7 (50... Bg2 51. Re7 Bxf3 (51... f5 52. Rg7) 52. Rxf7+
Kg4 53. Rf8 Be4 54. Rh8 $18) 51. Re5 Kxf3 52. h5 gxh5 53. Rxh5 Be6 54. Rg5 Kf4
55. h4 $18) 47. Ra3 Kf5 48. Re3 Kf6 49. Re5 Ke7 50. Kc5 Kd7 (50... Kf6 51. f4
Ke7 52. Kc6 $22 d4 $2 53. Re4 d3 54. Re3 $1 d2 55. Rd3 $18) 51. Re3 Ke7 52. Rd3
{'(.)' Dautov.} Kf6 (52... Kd7 $6 53. Ra3 {/\Ra7,Kd6}) 53. Kd6 Kf5 54. Rd4 g5 (
54... Kf6 55. Rf4+ Kg5 (55... Kg7 {Dautov} 56. Ke5 g5 57. Rd4 $18) 56. Ke7 $18)
55. h4 $1 $18 {Creating more weak points.} Kf6 56. hxg5+ Kxg5 57. Ke5 Kg6 58.
Rb4 Kg7 59. Rb8 d4 (59... Kg6 60. Rg8+ Kh7 61. Rg5 Kh6 62. f4 $18) 60. Kxd4 Ba2
61. Ke5 Bc4 62. Kf5 Bd5 (62... f6 63. Rb7+ Bf7 64. Ra7 $22) 63. f4 Bf3 64. Rb6
Bg4+ 65. Kg5 Bf3 66. f5 Bg4 67. f6+ Kh7 68. Rb7 Be6 (68... Kg8 69. Rb8+ Kh7 70.
Rf8 Be6 71. Kxh5 $18) 69. Kxh5 Bd5 70. Rb4 ({A possible winning plan is} 70.
Rb4 Be6 71. Kg5 {/\Rh4,Kf4-e5-d6-e7,Rh5-g5-g7-f7+-}) 1-0